[Event "Roncana op-C 9th"]
[Site "Santa Eulalia de Roncana"]
[Date "2015.11.07"]
[Round "5"]
[White "Tarrada Camanes, Laila"]
[Black "Gomez Rivera, Judit"]
[Result "0-1"]
[WhiteElo "1688"]
[BlackElo "1675"]
[PlyCount "106"]
[EventDate "2015.10.03"]
[EventType "swiss"]
[EventRounds "8"]
[EventCountry "ESP"]
[SourceTitle "EXT 2017"]
[Source "ChessBase"]
[SourceDate "2016.10.25"]
[SourceVersion "1"]
[SourceVersionDate "2016.10.25"]
[SourceQuality "1"]

1. e4 e5 2. Nf3 Nc6 3. Nc3 Nf6 4. Bc4 Bc5 5. d3 d6 6. Bg5 Bg4 7. h3 Bh5 8. g4 Bg6 9. Qe2 0-0 10. 0-0-0 h6 11. Bh4 Na5 12. Bd5 c6 13. Bc4 b5 14. Bxf7+ Bxf7 15. g5 hxg5 16. Nxg5 b4 17. Nb1 Bh5 18. f3 Qb6 19. Nd2 d5 20. exd5 cxd5 21. Qg2 Be3 22. Qg3 e4 23. fxe4 Bxd1 24. Rxd1 Qc5 25. Ne6 Qb6 26. Qg6 Qxe6 27. Bg5 Bxg5 28. Rg1 Bxd2+ 29. Kd1 Rf7 30. Rh1 dxe4 31. h4 exd3 32. h5 dxc2+ 33. Kxc2 Rc8+ 34. Kxd2 Rd8+ 35. Kc1 Rc7+ 36. Kb1 Kf8 37. h6 gxh6 38. Qxh6+ Ke8 39. Qf4 Rcd7 40. a3 bxa3 41. Qg5 Qe4+ 42. Ka2 Qxh1 43. Qxf6 Rd1 44. Kxa3 Ra1+ 45. Kb4 Rd2 46. Qe6+ Kf8 47. Qe3 Rxb2+ 48. Kc5 Qc6+ 49. Kd4 Rd1+ 50. Ke5 Qe8+ 51. Kf5 Qxe3 52. Kg4 Rg1+ 53. Kh4 Rh2# 0-1

[Event "Roncana op-C 9th"]
[Site "Santa Eulalia de Roncana"]
[Date "2015.10.31"]
[Round "4"]
[White "Richard Tomas, Julien"]
[Black "Tarrada Camanes, Laila"]
[Result "1-0"]
[WhiteElo "1463"]
[BlackElo "1688"]
[PlyCount "35"]
[EventDate "2015.10.03"]
[EventType "swiss"]
[EventRounds "8"]
[EventCountry "ESP"]
[SourceTitle "EXT 2017"]
[Source "ChessBase"]
[SourceDate "2016.10.25"]
[SourceVersion "1"]
[SourceVersionDate "2016.10.25"]
[SourceQuality "1"]

1. e4 e5 2. Nf3 Nc6 3. Nc3 Bb4 4. a3 Bd6 5. Bc4 Nf6 6. d3 Bc5 7. 0-0 0-0 8. b4 Bb6 9. b5 Ne7 10. Nxe5 Ba5 11. Na2 d6 12. Ng4 Nxg4 13. Qf3 Bd7 14. h3 Ne5 15. Qg3 Nxc4 16. dxc4 d5 17. Bh6 Re8 18. Qxg7# 1-0

[Event "Roncana op-C 9th"]
[Site "Santa Eulalia de Roncana"]
[Date "2015.10.03"]
[Round "1"]
[White "Garcia Encinas, Jan"]
[Black "Tarrada Camanes, Laila"]
[Result "1-0"]
[WhiteElo "1757"]
[BlackElo "1688"]
[PlyCount "109"]
[EventDate "2015.10.03"]
[EventType "swiss"]
[EventRounds "8"]
[EventCountry "ESP"]
[SourceTitle "EXT 2017"]
[Source "ChessBase"]
[SourceDate "2016.10.25"]
[SourceVersion "1"]
[SourceVersionDate "2016.10.25"]
[SourceQuality "1"]

1. e4 e5 2. Nf3 Nc6 3. Bc4 Bc5 4. c3 Nf6 5. d4 0-0 6. dxc5 d6 7. cxd6 cxd6 8. 0-0 Bg4 9. Bg5 Qd7 10. Be2 d5 11. exd5 Qd6 12. dxc6 Qxc6 13. Nxe5 Qe6 14. Nxg4 Rfd8 15. Qc2 Nxg4 16. Bxd8 Rxd8 17. Rd1 Rf8 18. Qd2 Qb6 19. Bxg4 Qg6 20. Qd8 h6 21. Qd3 Qxg4 22. Nd2 Qg5 23. Nf3 Qf6 24. b4 Qe7 25. b5 a5 26. bxa6 bxa6 27. Re1 Qa7 28. Re2 a5 29. Rae1 Qa8 30. c4 Qc8 31. c5 a4 32. Qc4 a3 33. c6 Rd8 34. c7 Rf8 35. Re8 Rxe8 36. Rxe8+ Qxe8 37. c8Q Qf8 38. Qxf8+ Kxf8 39. Qd4 Kg8 40. Ne5 Kh8 41. Nxf7+ Kh7 42. Qg4 Kg8 43. Nxh6+ Kh7 44. Nf5 g6 45. Qh4+ Kg8 46. Qh6 gxf5 47. Qf6 f4 48. Kf1 Kh7 49. Ke2 f3+ 50. Ke3 fxg2 51. Qg5 Kh8 52. Kf4 Kh7 53. Kf5 g1Q 54. Qxg1 Kh6 55. Qg6# 1-0